000 00878nam a22002057a 4500
999 _c61803
_d61803
003 Ge_BSU
005 20240515111224.0
008 240515s2023 ge ||||| |||| 00| 0 geo d
020 _a9789941117831
041 _ageo
080 _a821.131.1.03=353.1 ე-49
100 _aეკო, უმბერტო
_910255
245 _aფუკოს ქანქარა
_b[რომანი] /
_c უმბერტო ეკო ; იტალიურიდან თარგმნა ხათუნა ცხადაძემ.
264 _aთბილისი :
_bდიოგენე,
_c2023.
300 _a824 გვ.;
_b20 სმ.
653 _aრომანი
653 _aმხატვრული ლიტერატურა
700 _aცხადაძე, ხათუნა
_eმთარგმნელი
_910257
942 _2udc
_cᲬᲘᲒᲜᲘ